000 00445nam a2200181Ia 4500
005 20250326125725.0
008 250326s9999 xx 000 0 und d
037 _aTextbook
040 _aFMSL
_beng
_cFMSL
041 _aeng
_2eng
084 _qFMSL
100 _aYoder D
245 0 _aHandbook of personnel management
_cYoder D
260 _aNY
_bNY, McGraw-Hill
_c1958
300 _a1170p
942 _cTB
999 _c1279287
_d1279287